000 01743nam2a22003251 4500
001 rc\3018691
005 20250809113244.0
035 _a(NLR Aleph) 007160900
090 _a88626
_c88626
100 _a20110926d1945 u y0rusy50 ca
101 0 _arus
102 _aRU
105 _aahc z |||||
200 1 _aЛитература 1220-х - 1580-х гг., Ч. 1
_f[Авторы: чл.-кор. В.П. Адрианова-Перетц, М.С. Боровкова-Майкова, проф. С.А. Бугославский и др.]
_gРед. акад. А.С. Орлов, чл.-кор. В.П. Адрианова-Перетц, действ. чл. Укр. акад. наук Н.К. Гудзий
210 _d1945
215 _a531 с., 24 л. ил. и факс.
_cил., портр., факс.
461 0 _1001rc\3018689
_12001#$aИстория русской литературы$fГл. ред.: чл.-кор. П.И. Лебедев-Полянский (пред.), акад. А.С. Орлов, акад. А.Н. Толстой [и др.]$gАкад. нук СССР, Ин-т лит.(Пушкинский дом)$vТ. 2
700 1 _aАдрианова-Перетц
_bВ.П.
_gВарвара Павловна
701 1 _aБоровкова-Майкова
_bМ. С.
_cлитературовед
_f1879-1942
_gМария Семеновна
_3RU\NLR\AUTH\7799656
701 1 _aБугославский
_bС.А.
702 1 _aОрлов
_bА.С.
_4340
702 1 _aГудзий
_bН.К.
_4340
801 0 _aRU
_bNLR
_gpsbo
801 1 _aRU
_bELAR
_2rusmarc
852 _aNLR
_jЛ20 Г-7/3(2)
852 _aNLR
_jКрII/4102(2/1)
942 _cBOOK
945 _aРоссийская национальная библиотека
980 _aBV